Generation of ozone by pulsed corona discharge over water surface in hybrid gas-liquid electrical discharge reactor

Podrobná bibliografia
Hlavní autori: Lukes, P. (Autor), Clupek, M. (Autor), Sunka, P. (Autor), Babicky, V. (Autor), Janda, V. (Autor)
Médium: Článok
Jazyk:angličtina
ISBN:9788089186259

MARC

LEADER 00000naa a2200000uu 4500
001 vtls011063879
003 SK-MaSNL
005 20260302131804.0
008 210906|2007 xo |||||||||||||||||eng|
015 |a SNBRA 
035 |a (urnnbn)urn:nbn:sk:snk:ar-a0c4wn 
035 |a (uuid)4feb6c00-6697-4f5b-8478-75a0b6c17cba 
035 |a urn:nbn:sk:snk-aavbde 
040 |a SNKBUCL  |b slo  |c SNKBUCL  |e AACR2 
041 0 |a eng 
044 |a xo  |c SK 
100 1 |a Lukes, P.  |4 aut  |9 775687 
245 1 0 |a Generation of ozone by pulsed corona discharge over water surface in hybrid gas-liquid electrical discharge reactor  |c P. Lukes, M. Clupek, P. Sunka, V. Babicky, V. Janda 
700 1 |a Clupek, M.  |4 aut  |9 775693 
700 1 |a Sunka, P.  |4 aut  |9 775694 
700 1 |a Babicky, V.  |4 aut  |9 775695 
700 1 |a Janda, V.  |4 aut  |9 480575 
773 0 |t Ozotech  |d Bratislava : Universitatis Comenians, 2007  |g S. 23-26  |z 9788089186259 
958 |a OND 
958 |a article12 
958 |a chapter 
999 |c 1310213  |d 1312143